Donaldsons retail spotlight (Record no. 105975)

MARC details
000 -LEADER
fixed length control field 01188cam a2200253 4500
001 - CONTROL NUMBER
control field ##L134260
008 - FIXED-LENGTH DATA ELEMENTS--GENERAL INFORMATION
fixed length control field 060720n2006 000 0 eng u
035 ## - SYSTEM CONTROL NUMBER
System control number (Sirsi) u135274
041 0# - LANGUAGE CODE
Language code of text/sound track or separate title eng
050 04 - LIBRARY OF CONGRESS CALL NUMBER
Classification number 333.33 $2 18
110 2# - MAIN ENTRY--CORPORATE NAME
Corporate name or jurisdiction name as entry element Donaldsons
9 (RLIN) 3333
245 00 - TITLE STATEMENT
Title Donaldsons retail spotlight
-- second quarter 2006
260 ## - PUBLICATION, DISTRIBUTION, ETC.
Place of publication, distribution, etc. London
Name of publisher, distributor, etc. Donaldsons
Date of publication, distribution, etc. 2006
490 #0 - SERIES STATEMENT
Series statement Donaldsons Retail Spotlight
505 2# - FORMATTED CONTENTS NOTE
Formatted contents note Retail sector summary -- High street shops -- Retail warehouses -- Shopping centres -- What has changed?
520 ## - SUMMARY, ETC.
Summary, etc. Reports the latest retail performance and trends based on "IPD monthly index" statistics. States that retail sector rental growth rate has eased slightly in the second quarter alongside retails' rate of yield. Remarks that shopping centres started the summer with the best rental growth but also the highest voids and most overrenting.
590 ## - LOCAL NOTE (RLIN)
Local note IKA171006
650 24 - SUBJECT ADDED ENTRY--TOPICAL TERM
Topical term or geographic name entry element DONALDSONS RETAIL SPOTLIGHT
650 24 - SUBJECT ADDED ENTRY--TOPICAL TERM
Topical term or geographic name entry element IPD MONTHLY INDEX
651 #4 - SUBJECT ADDED ENTRY--GEOGRAPHIC NAME
Geographic name United Kingdom
Chronological subdivision
690 ## - LOCAL SUBJECT ADDED ENTRY--TOPICAL TERM (OCLC, RLIN)
Topical term or geographic name as entry element PROPERTY-COMMERCIAL PROPERTY-RETAIL PROPERTY
856 40 - ELECTRONIC LOCATION AND ACCESS
Uniform Resource Identifier <a href="https://www.donaldsons.co.uk/">https://www.donaldsons.co.uk/</a>
Public note View the item free of charge at www.donaldsons.co.uk...
942 ## - ADDED ENTRY ELEMENTS (KOHA)
Suppress in OPAC 0
Holdings
Withdrawn status Lost status Source of classification or shelving scheme Damaged status Not for loan Home library Current library Shelving location Date acquired Total Checkouts Full call number Barcode Date last seen Copy number Price effective from Koha item type
    Dewey Decimal Classification     Virtual Virtual Online 09/10/2006   ONLINE PUBLICATION 135274-2001 06/08/2019 1 06/08/2019 Book